Lazarillo de Tormes /
Guardado en:
| Autor Principal: | |
|---|---|
| Formato: | Libro |
| Idioma: | Undetermined |
| Publicado: |
Buenos Aires :
Hyspamerica,
1984.
|
| Edición: | 1a ed. |
| Series: | Historia Universal de la Literatura ;
62 |
| Materias: | |
| Etiquetas: |
Agregar Etiqueta
Sin Etiquetas, Sea el primero en etiquetar este registro!
|
| LEADER | 00602nam a22001935a 4500 | ||
|---|---|---|---|
| 001 | CEM.cems024469 | ||
| 008 | 250206s1984####ag############000#0#und#d | ||
| 005 | 20250206160514.0 | ||
| 245 | 1 | 0 | |a Lazarillo de Tormes / |c Anónimo. |
| 250 | |a 1a ed. | ||
| 260 | |a Buenos Aires : |b Hyspamerica, |c 1984. | ||
| 300 | |a 225 p. | ||
| 490 | 1 | |a Historia Universal de la Literatura ; |v 62 | |
| 500 | |a Transcripción de José Caso González. | ||
| 020 | |a 9506141487 | ||
| 100 | 1 | |a Anónimo. | |
| 653 | |a Literatura española | ||
| 653 | |a Literatura picaresca | ||
| 859 | |a CEMS |b BIB. CEMS - 11 de abril |h 863.3 |i L456-1a1 |p 29722.24 |t Ej.1 | ||
